The Statesman's year book : statistical and historical annual of the states of the world for the year 1995-1996 / (Record no. 12056)

000 -LEADER
fixed length control field 00630nam a2200193 4500
008 - FIXED-LENGTH DATA ELEMENTS--GENERAL INFORMATION
fixed length control field 210119b ||||| |||| 00| 0 eng d
020 ## - INTERNATIONAL STANDARD BOOK NUMBER
International Standard Book Number 0-333-62074-7
082 00 - DEWEY DECIMAL CLASSIFICATION NUMBER
Classification number 320.05
Item number H9451
100 ## - MAIN ENTRY--PERSONAL NAME
9 (RLIN) 1257
Personal name Hunter, Brian
245 10 - TITLE STATEMENT
Title The Statesman's year book : statistical and historical annual of the states of the world for the year 1995-1996 /
250 ## - EDITION STATEMENT
Edition statement 132nd ed.
260 ## - PUBLICATION, DISTRIBUTION, ETC. (IMPRINT)
Place of publication, distribution, etc London:
Name of publisher, distributor, etc McMillan press ltd,
Date of publication, distribution, etc 1995.
300 ## - PHYSICAL DESCRIPTION
Extent Liii,1699 p.
650 #0 - SUBJECT ADDED ENTRY--TOPICAL TERM
Topical term or geographic name as entry element World politics
Topical term or geographic name as entry element International relations
Topical term or geographic name as entry element Year Book
700 ## - ADDED ENTRY--PERSONAL NAME
9 (RLIN) 1257
Personal name Hunter, Brian
Relator term editor
942 ## - ADDED ENTRY ELEMENTS (KOHA)
Source of classification or shelving scheme
Item type Books
Holdings
Withdrawn status Lost status Source of classification or shelving scheme Damaged status Not for loan Permanent location Current location Date acquired Source of acquisition Cost, normal purchase price Full call number Barcode Date last seen Cost, replacement price Koha item type
          IMU Kolkata IMU Kolkata 1995-12-30 Jyoti, the Book People 2464.00 320.05 H9451 08526 2021-01-19 3464.00 Books
Designed and Maintained by IMU-KC Library, Kolkata Campus © Copyright All Rights Reserved

webs counters

Powered by Koha